000 00720nam a2200253Ia 4500
003 OSt
005 20220924131415.0
006 a|||||r|||| 00| 0
007 ta
008 220923b |||||||| |||| 00| 0 san d
024 _a75223
037 _cTextual
040 _aARTS
_cARTS
_bsan
041 _2san
_asan
082 _aR625x7,1,1, 15L2
100 _aBhattacharya Visvanatha Panchanan
245 0 _aNyayasiddhantamuktavali
250 _a3rd
260 _aVaranasi
_bChowkhamba Sanskrit Series Office
_c1972
300 _a547p.
_ccm.
650 _aNYAYA PHILOSOPHY
_910608
942 _hR625x7,1,1, 15L2
_cTEXL
_2CC
999 _c427003
_d427003